Hombres por la equidad, hombres que transforman. Manual para el trabajo sobre masculinidad en el Poder Judicial de Costa Rica
Furkejuvvon:
| Váldodahkki: | |
|---|---|
| Eará dahkkit: | |
| Materiálatiipa: | Dovdameahttun |
| Giella: | Spanish |
| Almmustuhtton: |
San José, Costa Rica
M. Menjívar O.
2011
|
| Preanttus: | 1 edición |
| Fáttát: | |
| Fáddágilkorat: |
Lasit fáddágilkoriid
Eai fáddágilkorat, Lasit vuosttaš fáddágilkora!
|
MARC
| LEADER | 000000000a22000000004500 | ||
|---|---|---|---|
| 001 | 001923 | ||
| 003 | CIICLA | ||
| 005 | 20140909071217.0 | ||
| 007 | ta | ||
| 008 | 140130s2011 cr |||f |||| 000 0 spa d | ||
| 040 | |c cru CIICLA Universidad de Costa Rica | ||
| 041 | 0 | |a español | |
| 082 | |a 305.31 |b M545h | ||
| 100 | 1 | |a Menjívar Ochoa, Mauricio | |
| 245 | 1 | 0 | |a Hombres por la equidad, hombres que transforman. Manual para el trabajo sobre masculinidad en el Poder Judicial de Costa Rica |c Mauricio Menjívar Ochoa, Carlos Alvarado Cantero, |
| 250 | |a 1 edición | ||
| 260 | |a San José, Costa Rica |b M. Menjívar O. |c 2011 | ||
| 300 | |a 113 páginas | ||
| 500 | |a número de inscripción 13646 | ||
| 505 | |t Indicaciones para el uso del manual -- Actividades para el trabajo con hombres | ||
| 505 | |t El origen de lo masculino: rastreando la huella del ser hombre en nuestras vidas | ||
| 505 | |t Repercusiones de los procesos de socialización masculina en los hombres | ||
| 505 | |t Introducción a los estudios sobre masculinidades | ||
| 650 | 4 | |a MASCULINIDAD |x RELACIONES SOCIALES | |
| 700 | 1 | 2 | |a Alvarado Cantero, Carlos |
| 942 | |2 ddc |c BK | ||
| 999 | |c 2811 |d 2811 | ||
